MESTSKÁ KNIŽNICA GIRALTOVCE  - online katalóg 

Zahoď starosti (Record no. 23505)

000 -NÁVESTIE
fixed length control field 01676cam a2200469 a 4500
001 - EVIDENČNÉ ČÍSLO ZÁZNAMU - Kontrolné číslo
control field vtls011593513
005 - DÁTUM A ČAS POSLEDNEJ TRANSAKCIE
control field 20221013131318.0
008 - ÚDAJE S PEVNOU DĹŽKOU – VŠEOBECNÉ INFORMÁCIE
fixed length control field 180124s2016 xo o g 000 0aslo
020 ## - MEDZINÁRODNÉ ŠTANDARDNÉ ČÍSLO KNIHY (ISBN)
Medzinárodné štandardné číslo knihy (ISBN) 9788055151618
Qualifying information (viaz.)
035 ## - Iný štandardný identifikátor
Iný štandardný identifikátor A114DA69-3CDE-4EC4-8334-4FB667F7EC14
035 ## - Iný štandardný identifikátor
Iný štandardný identifikátor urn:nbn:sk:snk-amycxj
035 ## - Iný štandardný identifikátor
Iný štandardný identifikátor urn:nbn:sk:snk-am00cg5n
040 ## - ZDROJ KATALOGIZÁCIE
Pôvodná katalogizujúca agentúra PPPK
Jazyk katalogizácie slo
Prepisujúca agentúra PPPK
Modifikujúca agentúra SNK
Konvencie popisu AACR2
041 0# - KÓD JAZYKA
Kód jazyka textu/zvukovej stopy alebo samostatných nápisov slo
-- cze
044 ## - KÓD KRAJINY VYDAVATEĽA/PRODUCENTA
Kód krajiny MARC xo
Kód krajiny ISO SK
072 #7 - KÓD PREDMETOVEJ KATEGÓRIE
Kód predmetovej kategórie 78.07
Pododdiel kódu predmetovej kategórie Hudobníci, skladatelia a iné hudobné povolania
Zdroj konspekt
072 #7 - KÓD PREDMETOVEJ KATEGÓRIE
Kód predmetovej kategórie 929
Pododdiel kódu predmetovej kategórie Biografie
Zdroj konspekt
080 ## - ČÍSLO MEDZINÁRODNÉHO DESATINNÉHO TRIEDENIA (MDT)
Číslo Medzinárodného desatinného triedenia (MDT) 78.071.2-055.2
Identifikátor vydania 2011
080 ## - ČÍSLO MEDZINÁRODNÉHO DESATINNÉHO TRIEDENIA (MDT)
Číslo Medzinárodného desatinného triedenia (MDT) 78.03.011.26
Identifikátor vydania 2011
080 ## - ČÍSLO MEDZINÁRODNÉHO DESATINNÉHO TRIEDENIA (MDT)
Číslo Medzinárodného desatinného triedenia (MDT) (437.6)
Identifikátor vydania 2011
080 ## - ČÍSLO MEDZINÁRODNÉHO DESATINNÉHO TRIEDENIA (MDT)
Číslo Medzinárodného desatinného triedenia (MDT) (092)
Identifikátor vydania 2011
100 1# - OSOBNÉ MENÁ – VŠEOBECNÉ INFORMÁCIE
Osobné meno Kocianová, Jana,
Dátumy súvisiace s menom 1946-2018
Kód roly aut
-- 3739
245 10 - NÁZOV
Názov Zahoď starosti
Údaj o zodpovednosti atď. Jana Kocianová, Marika Studeničová ; [fotografie: Hacke Anderson ... [et al.] ; kapitolu Biografia v skratke zostavil Miroslav Bruna]
250 ## - ÚDAJ O PORADÍ VYDANIA
Údaj o poradí vydania 1. vyd.
260 ## - VYDAVATEĽSKÉ ÚDAJE, DISTRIBÚCIA ATĎ.
Miesto publikovania, distribúcie atď. Bratislava
Názov vydavateľa, distibútora atď. Ikar
Dátum publikovania, distribúcie atď. 2016
300 ## - FYZICKÝ POPIS
Rozsah 223 s.
Ďalšie fyzické detaily fotogr.
Rozmery 21 cm
546 ## - POZNÁMKA O JAZYKU
Poznámka o jazyku Čiast. text v češ.
600 17 - PRIDANÝ VSTUP – PREDMET – OSOBNÉ MENO
Osobné meno Kocianová, Jana,
Dátumy súvisiace s menom 1946-2018
Zdroj hesla alebo termínu SNKMA
-- 3739
650 07 - PRIDANÝ VSTUP – PREDMET – TEMATICKÉ HESLO
Tematické heslo alebo geografický názov ako vstupný prvok speváčky
Zdroj hesla alebo termínu SNKPH
-- 3734
650 07 - PRIDANÝ VSTUP – PREDMET – TEMATICKÉ HESLO
Tematické heslo alebo geografický názov ako vstupný prvok populárna hudba
Zdroj hesla alebo termínu SNKPH
-- 3733
650 07 - PRIDANÝ VSTUP – PREDMET – TEMATICKÉ HESLO
Tematické heslo alebo geografický názov ako vstupný prvok Women singers
Zdroj hesla alebo termínu SNKPHeng
-- 3736
650 07 - PRIDANÝ VSTUP – PREDMET – TEMATICKÉ HESLO
Tematické heslo alebo geografický názov ako vstupný prvok pop-music
Zdroj hesla alebo termínu SNKPHeng
-- 3735
651 #7 - PRIDANÝ VSTUP – PREDMET – GEOGRAFICKÝ NÁZOV
Geografický názov Slovensko
Zdroj hesla alebo termínu SNKPH
-- 1613
651 #7 - PRIDANÝ VSTUP – PREDMET – GEOGRAFICKÝ NÁZOV
Geografický názov Slovakia
Zdroj hesla alebo termínu SNKPHeng
-- 1614
655 #7 - INDEXAČNÝ TERMÍN – ŽÁNER/FORMA
Údaje o žánri/forme alebo termín, ktorý je prvok fazety autobiografie
Zdroj termínu SNKPH
-- 1792
655 #7 - INDEXAČNÝ TERMÍN – ŽÁNER/FORMA
Údaje o žánri/forme alebo termín, ktorý je prvok fazety Autobiography
Zdroj termínu SNKPHeng
-- 1793
700 1# - PRIDANÝ VSTUP – OSOBNÉ MENO
Osobné meno Studeničová, Marika,
Dátumy súvisiace s menom 1964-
Kód roly aut
-- 3740
700 1# - PRIDANÝ VSTUP – OSOBNÉ MENO
Osobné meno Bruna, Miroslav
Kód roly com
-- pht
-- 3741
700 1# - PRIDANÝ VSTUP – OSOBNÉ MENO
Osobné meno Anderson, Hacke
Kód roly pht
-- 3742
958 ## - Formálny deskriptor
Formálny deskriptor BX
Holdings
Stav stiahnutia (Blokovanie) (Withrawn status) Stav straty Zdroj klasifikácie pre skladovanie Stav poškodenia (Damaged status) Nie pre výpožičky (Not for loan) Spôsob nadobudnutia (Collection code) Trvalé umiestnenie Aktuálne umiestnenie Dátum nadobudnutia Náklady, bežná kúpna cena Inventárne číslo (prírastkové číslo) Celkom výpožičky Full call number Čiarový kód Dátum posledného výskytu Dátum poslednej výpôžičky Cena s účinnosťou od Typ jednotky Koha
          Kúpa Mestská knižnica Giraltovce Mestská knižnica Giraltovce 2022-10-13 3.00 21836 1 B10619 B10619 2023-01-26 2023-01-09 2022-10-13 Krásna literatúra pre dospelých

Powered by Koha